00587cam a22002051 4500001001300000003000400013005001700017008004100034010001700075025002000092040001800112050002800130100001800158245004100176260009900217300001900316350000900335651002000344999001700364sa 68015938 DLC20260227112650.0700604s1967 ii 000 0 eng  asa 68015938  aPL480:I-E-10056 aDLCcDLCdDLC00aPZ4.N724bNanaPR9499.31 aNirody, B. S.10aNandini;ba novel,cby B. S. Nirody. a[Delhi]bPublications Division, Ministry of Information & Broadcasting, Govt. of Indiac[1967] a167 p.c22 cm. a4.00 0aIndiaxFiction. c86813d86813